Представление документа в формате MARC21

Поле Инд. ПП Название Значение
Тип записи a
Библиографический уровень m
001 Контрольный номер RU/IS/BASE/543597157
005 Дата корректировки 20260113152630.7
020 a ISBN 978-5-9916-9799-6
040 b Код языка каталог. rus
e Правила каталог. PSBO
041 0_ a Код языка текста rus
080 a Индекс УДК 339(075.8)
097 b Оператор *Ж*
b Оператор *Фа*
100 1_ a Автор Диденко Н.И.
245 10 a Заглавие Международный маркетинг. Основы теории
b Продолж. заглавия учебник для вузов
b Продолж. заглавия в составе учебно-методического комплекса
260 a Место издания Москва
b Издательство Юрайт
c Дата издания 2025
440 _0 a Серия Высшее образование
440 _0 a Серия УМК-У
516 8_ a Прим. о типе комп. файла/ данных Текст : электронный
a Прим. о типе комп. файла/ данных Режим доступа: по подписке
a Прим. о типе комп. файла/ данных Дата обращения: 07.07.2022
520 0_ a Аннотация В настоящем учебнике изложены концепции, функции и направления деятельности международного маркетинга. Рассмотрены исследования мировых рынков, выработка товарной и ценовой политики, организация международной системы распределения экспортируемых товаров и услуг, а также финансовые аспекты международного маркетинга. Отражены специфика международного маркетинга и его отличие от маркетинга на национальных рынках.
535 1_ a Хранилище Образовательная платформа Юрайт
583 a Действие Приписка : УМК
653 0_ a Ключевые слова Международный маркетинг
a Ключевые слова Мировой рынок
a Ключевые слова Товарная политика
a Ключевые слова Ценовая политика
655 a Жанр/ форма (устаревшее) У
700 12 a Другие авторы Скрипнюк Д.Ф.
773 18 w Контрольный № источника 116026
856 40 u URL https://urait.ru/bcode/561829
901 t Тип документа m
905 a Дата создания записи 17.03.22
c Дата приписки 13.01.25
952 b Гриф литературы для ВШ Гриф УМО
a Тип литературы для КСУ ВШ У1
990 g Размещение заказа (DOS) ЭБС "Юрайт"